Airline Hubs A-Z #2 - Statistics

General Stats
  • This quiz has been taken 109 times
    90 since last reset
  • The average score is 21 of 26
Answer Stats
Hint Airline Answer % Correct
A KLM Amsterdam
99%
B Aerolíneas Argentinas Buenos Aires
96%
J South African Airways Johannesburg
96%
T All Nippon Airways Tokyo-Narita
96%
C Royal Air Maroc Casablanca
93%
K Kuwait Airways Kuwait City
93%
N Kenya Airways Nairobi
93%
O Japan Airlines Osaka-Kansai
93%
S Qantas Sydney
93%
P CSA Czech Airlines Prague
91%
D United Airlines Denver
90%
W Air New Zealand Wellington
90%
X Xiamen Airlines Xiamen
89%
Z Croatia Airlines Zagreb
89%
H Cathay Pacific Hong Kong
87%
L Virgin America Los Angeles
80%
R Gol Rio de Janeiro
79%
Y Myanmar Airways International Yangon
76%
E easyJet Edinburgh
73%
M Jet Airways Mumbai
73%
Q Shandong Airlines* Qingdao
71%
F Spirit Airlines Fort Lauderdale
70%
U China Southern Airlines Urumqi
66%
G Volaris Guadalajara
64%
I Pegasus Airlines Izmir
63%
V WizzAir Vilnius
40%
No matching quizzes found
Score Distribution
Percent of People with Each Score
Percentile by Number Answered
Your Score History
You have not taken this quiz since the last reset